Największe miasta Niemiec w 1910 r. - Statystyki

Ogólne statystyki
  • Ten quiz został rozwiązany 2 683 razy
    2 662 od ostatniego zresetowania
  • Średni wynik to 11 z 20
Statystyki odpowiedzi
Ludność w
1910 r.
Miasto Obecna ludność % Poprawnych
2 071 257 Berlin 3 460 725
100%
596 467 Monachium 1 353 186
95%
931 035 Hamburg 1 786 448
92%
414 576 Frankfurt 679 664
80%
516 527 Kolonia 1 007 119
79%
548 308 Drezno 523 058
73%
589 850 Lipsk 522 883
70%
217 437 Brema 547 340
61%
286 218 Stuttgart 606 588
60%
512 105 Wrocław 635 759
59%
333 142 Norymberga 505 664
55%
358 728 Düsseldorf 588 735
54%
236 113 Szczecin 407 811
53%
302 375 Hanower 522 686
47%
294 653 Essen 574 635
39%
245 994 Królewiec 431 402
27%
279 629 Magdeburg 232 306
27%
229 438 Duisburg 489 599
17%
287 807 Chemnitz 243 521
8%
305 978 Charlottenburg połączone z #1
5%
Nie znaleziono quizów pasujących do podanych kryteriów
Rozkład punktacji
Procent ludzi z każdym wynikiem
Percentyl według liczby udzielonych odpowiedzi
Twoja historia wyników
Nie rozwiązałeś tego quizu od ostatniego zresetowania